000 00746nam a2200253 i 4500
999 _c160773
_d160773
001 C2-0217604
003 PPAK
005 20200302111517.0
008 990630s1999 my a|||| ||||| | may d
020 _a9831240235 ; 9789831240236
040 _aPPAK
_beng
_cPPAK
_erda
082 0 4 _a641.59595
_2 23
090 0 0 _a641.59595
_bANE
_dG
090 0 0 _a641.59595
_bANE
_dR
245 0 0 _aAneka bubur dan pengat
264 1 _aKuala Lumpur :
_bAlaf 21 ,
_c1999
300 _a36 pages :
_bcolour illustrations ;
_c25 cm
336 _2rdacontent
_atext
337 _2rdamedia
_aunmediated
338 _2rdacarrier
_avolume
650 1 0 _aCookery, Malaysian. ; Porridge. ; Cookery (Cereals)
700 0 _aSa'adiah Mohamad,
_eeditor
942 _cB
_2ddc